Datum a čas kvízu
29
Celkem bodů
Celkový počet nahraných bodů na tomto kvízu bez doplňovacích otázek.
6.
Pořadí na kvízu
Konečné umístění týmu na tomto kvízu.
Zaznamenané odpovědi
| # | Otázka | Odpověď | Body | Výsledky |
|---|---|---|---|---|
| 1. | Ve středu se uskutečnilo letoš... | Jablonec nad Nisou | 0 | |
| 2. | Po ulicích jednoho středoslove... | Liptovský Mikuláš | 1 | |
| 3. | Organizace UNESCO přidala na s... | v Berlíně | 0 | |
| 4. | Automobilka Škoda představila... | Epiq | 1 | |
| 5. | Pokolikáté zvítězil fenomenáln... | popáté (4 a 6 za půl bodu) | 0 | |
| 6. | Téma začneme v Evropě. Seřaďte... | 1D 2C 3A 4B | 0 | |
| 7. | Vůdcem Kuby byl několik deseti... | Raúl | 1 | |
| 8. | Které z těchto zvířat nežije p... | A | 0 | |
| 9. | Celkově kolikátou nejlidnatějš... | 4. nejlidnatější | 1 | |
| 10. | Jak se jmenuje ostrovní stát,... | Tonga | 0 |